000 00261nam a22001217a 4500
008 190205b xxu||||| |||| 00| 0 eng d
041 _aeng
080 _a371
100 _a46
101 _aEDU
245 _aTotal Communication
_cSchaeffer,B
942 _2udc
_cBK
999 _c54031
_d54031